Ga door naar de inhoud

Прикладные методы теории вероятностей

Учебник известного российского ученого содержит систематическое изложение базового курса теории вероятностей. За основу взята аксиоматика А. Н. Колмогорова, однако использование сложного математического аппарата (теории меры, функционального анализа) сведено к минимуму. Это делает книгу доступной дл...

Volledige beschrijving

Bewaard in:
Bibliografische gegevens
Hoofdauteur: Свешников А. А.
Formaat: Книга
Taal:Russian
Gepubliceerd in: Санкт-Петербург Лань 2022
Onderwerpen:
Online toegang:https://e.lanbook.com/book/210821
https://e.lanbook.com/img/cover/book/210821.jpg
Tags: Voeg label toe
Geen labels, Wees de eerste die dit record labelt!
LEADER 04569nam0a2200613 i 4500
001 210821
003 RuSpLAN
005 20221220174147.0
008 221220s2022 ru gs 000 0 rus
020 |a 978-5-8114-1219-8 
040 |a RuSpLAN 
041 0 |a rus 
044 |a ru 
080 |a 519.21(075.8) 
084 |a 22.171я73  |2 rubbk 
245 0 0 |a Прикладные методы теории вероятностей  |c Свешников А. А. 
260 |a Санкт-Петербург  |b Лань  |c 2022 
300 |a 480 с. 
500 |a Рекомендовано Учебно-методическим объединением по университетскому политехническому образованию в качестве учебника для студентов вузов, обучающихся по направлению подготовки магистров «Системный анализ и управление». 
504 |a Библиогр.: доступна в карточке книги, на сайте ЭБС Лань 
520 8 |a Учебник известного российского ученого содержит систематическое изложение базового курса теории вероятностей. За основу взята аксиоматика А. Н. Колмогорова, однако использование сложного математического аппарата (теории меры, функционального анализа) сведено к минимуму. Это делает книгу доступной для лиц, владеющих стандартным вузовским курсом высшей математики. Учебник сочетает достаточную строгость изложения с прикладной направленностью. Отразив, в известной мере, современную аксиоматику теории вероятностей, в остальном автор не выходит за рамки того уровня строгости и общности изложения, который характерен для технических вузов. Материал иллюстрируется большим числом примеров и задач. Учебник адресован, прежде всего, студентам и аспирантам технических вузов с повышенным уровнем математической подготовки, специализирующимися по направлениям «Системный анализ и управление», «Прикладная математика и информатика», может быть также использован научными и инженерно-техническими работниками. 
521 8 |a Книга из коллекции Лань - Математика 
653 0 |a теория вероятности 
653 0 |a математика 
653 0 |a учебники 
653 0 |a арксинуса распределение 
653 0 |a вейбулла распределение 
653 0 |a вероятностей теория 
653 0 |a вероятность геометрическая 
653 0 |a гамма-распределение 
653 0 |a гипотез теорема 
653 0 |a закон распределения 
653 0 |a колмогоров 
653 0 |a колмогорова аксиоматика 
653 0 |a пуассона закон 
653 0 |a распределение 
653 0 |a распределение гипергеометрическое 
653 0 |a ряд 
653 0 |a сигма-алгебра событий 
653 0 |a случайное 
653 0 |a случайные величины 
653 0 |a случайных событий теория 
653 0 |a событие 
653 0 |a стьюдента 
653 0 |a стьюдента закон 
653 0 |a теория вероятностей 
653 0 |a учебник и пособие * 
653 0 |a фишер 
653 0 |a фишера закон 
653 0 |a функция 
100 1 |a Свешников А. А. 
856 4 |u https://e.lanbook.com/book/210821 
856 4 8 |u https://e.lanbook.com/img/cover/book/210821.jpg 
953 |a https://e.lanbook.com/img/cover/book/210821.jpg